| 000 | 00515nam a2200121Ia 4500 | ||
|---|---|---|---|
| 008 | 171212s9999 xx 000 0 und d | ||
| 020 | _a9780833082633 | ||
| 100 | _aDixon, Lloyd;Clancy, Noreen;Bender, Bruce;Kofner, Aaron;Manheim, David | ||
| 245 |
_cDixon, Lloyd;Clancy, Noreen;Bender, Bruce;Kofner, Aaron;Manheim, David _aFlood Insurance in New York City Following Hurricane Sandy |
||
| 260 |
_bRAND Corporation _c2013 |
||
| 650 | _aEnvironmental Science | ||
| 856 | _uhttp://www.jstor.org/stable/10.7249/j.ctt5vjwhn | ||
| 999 |
_c352096 _d352096 |
||